00570nam a22001575i 4500001000700000003000900007005001700016008004100033080002900074100003800103245010500141260003600246300002800282600002600310852007600336168972ES-MaACL20250809063534.0080709s1999 sp |||| | spa d a929 Selva, Pedro Antonio1 aVilar, Juan Bautista, d1941-201813aLa mala vida en Villena en 1800 b: las costumbres de un joven abogado volteriano / cJuan B. Vilar. aMurcia : bUniversidad, c1999. ap. [171]-181 ; c24 cm.14aSelva, Pedro Antonio. aES-MaACLj2232-F-13 z.- An. ms. : Ded. del autor al Ateneo de Madrid